000 00574nam a2200229Ia 4500
003 OSt
005 20221005131744.0
006 a|||||r|||| 00| 0
007 ta
008 221004b |||||||| |||| 00| 0 tel d
024 _a61815
037 _cTextual
040 _aCRL
_cCRL
_btel
041 _2tel
_atel
082 _aO35,1J00w, 32J8
100 _aTennali Raman
_9640026
245 0 _aSubramanian potti
260 _c1958
650 _aTELUGU LITERATURE
942 _hO35,1J00w, 32J8
_cTEXL
_2cc
999 _c1061286
_d1061286